000 01332nam a2200349 i 4500
001 177824
003 ES-MaACL
005 20230906224230.0
008 110428s1990 fr af |||| | fre d
017 _a2-7116-1009-8 ( vl 1)
017 _a2-7116-1010-1 ( vl 2)
020 _a2-7116-1008-X
080 _a973"18"
080 _a308(73)"18"
100 1 _aTocqueville, Alexis de.
_9110392
245 1 0 _aDe la démocratie en Amérique /
_cAlexis de Tocqueville ; première édition historico-critique revue et augmentée par Eduardo Nolla, avec 10 illustrations hors-texte.
260 _aParis :
_bLibrairie Philosophique J. Vrin,
_c1990.
300 _a2 v. (LXXXI ,338 p. ; 359 p. ; [10] h. de lám.) ;
_c27 cm.
490 1 _aBibliothèque des textes philosophiques
500 _aÍndices.
504 _aBibliografía: v. 2, p. 334-352.
650 0 4 _aDemocracia-
_zEstados Unidos.
_911567
651 4 _aEstados Unidos-
_xPolítica y gobierno-
_yS.XIX.
_9172072
700 1 _aNolla, Eduardo.
_985914
830 0 _aBibliothèque des textes philosophiques
_9182654
852 _aES-MaACL
_9R.145468
_jA-11110
_dOlim:N-4115
_cDEPO1
852 _aES-MaACL
_9R.145468
_jA-11111
_dOlim:N-4116
_cDEPO1
903 _ednr
942 _2udc
_cMONOGRAFIA
999 _c177824
_d177824